LEADER 01788nam--2200433---450- 001 990001816450203316 005 20051025151046.0 035 $a000181645 035 $aUSA01000181645 035 $a(ALEPH)000181645USA01 035 $a000181645 100 $a20040702d1953----km-y0itay0103----ba 101 $afre 102 $aFR 105 $a||||||||001yy 200 1 $aExploration de la personnalité$eétude clinique et experimentale de cinquante sujets d'age correspondant a celui des etudes universitaires$fpar le collaborateurs de la clinique psychologique de Harvard: Henry A. Murray ... [et al.]$gtraduit de l'anglais par Andre Ombredane et Nicole Chevalier 210 $aParis$cPresses universitaires de France$d1953 215 $av.$d23 cm. 225 2 $aBibliotheque scientifique internationale 327 1 $a : Le systeme de la personnalité. 392 p. - : Les techniques d'investigation, P. 393-754 410 0$12001$aBibliotheque scientifique internationale 454 1$12001$aExplorations in personality$ea clinical and experimental study of fifty men of college age$928815 461 1$1001-------$12001 517 $a<> systeme de la personnalité 517 $a<> techniques d'investigation 700 1$aMURRAY,$bHenry A.$0102277 702 1$aOMBREDANE,$bAndré 702 1$aCHEVALIER,$bNicole 801 0$aIT$bsalbc$gISBD 912 $a990001816450203316 951 $aII.3. 1632/1(VI ps B 9 I)$b6024 L.M.$cVI ps 951 $aII.3. 1632/2(VI ps B 9 II)$b6025 L.M.$cVI ps 959 $aBK 969 $aUMA 979 $aSIAV8$b10$c20040702$lUSA01$h1513 979 $aSIAV8$b10$c20040702$lUSA01$h1514 979 $aCOPAT2$b90$c20051025$lUSA01$h1510 996 $aExplorations in personality$928815 997 $aUNISA